000 01229nam a2200229Ia 4500
001 L264-20646
003 IT-CnALBA
008 170116s9999||||xx |||||||||||||| ||und||
040 _aIT-CnALBA
_cIT-CnALBA
041 _aITALIANO
100 _aVAGAGGINI CIPRIANO, OSB.
245 0 _aIL SENSO TEOLOGICO DELLA LITURGIA. SAGGIO DI LITURGIA TEOLOGICA GENERALE.
250 _a2a ed.
260 _aCINISELLO BALSAMO (MI)
_bEDIZIONI PAOLINE
_c1957 [1° Ed.: n.d.]
300 _a768 p.
500 _aINDICE ANALITICO ONOMASTICO. TAVOLE FUORI TESTO. LITURGIA. RIVELAZIONE COME FONDAMENTO. SEGNI SENSSIBILI EFFICACI DELLA SANTIFICAZIONE E CULTO DELLA CHIESA. MESSA SINTESI DELLA LITURGIA. LEGGI GENERALI DELL'ECONOMIA DIVINA DEL MONDO. DIALETTICA CRISTOLOGI
501 _aSocietà San Paolo EM - Piazza San Paolo, 14 - 12051 ALBA (CN) (non commercial uses only) ® Copyright 2017
520 _aINDICE ANALITICO ONOMASTICO. TAVOLE FUORI TESTO. LITURGIA. RIVELAZIONE COME FONDAMENTO. SEGNI SENSSIBILI EFFICACI DELLA SANTIFICAZIONE E CULTO DELLA CHIESA. MESSA SINTESI DELLA LITURGIA. LEGGI GENERALI DELL'ECONOMIA DIVINA DEL MONDO. DIALETTICA CRISTOLOGI
650 _aCULTO PUBBLICO LITURGIA
942 _cBK
957 _71
999 _a25384
_bNO
_g Copie: 1
_c279763
_d279763